UK Town and City Chain - 5 - Statistics

General Stats
  • This quiz has been taken 134 times
  • The average score is 8 of 20
Answer Stats
Hint Answer % Correct
Surrey town, home to the 'Derby' horse race Epsom
78%
Major city and port on the River Mersey Liverpool
77%
Large East Midlands city on the River Soar Leicester
67%
Hampshire cathedral city on the edge of the South Downs Winchester
65%
Large South Yorkshire town with a major railway works Doncaster
57%
Essex town and port on the North Sea Harwich
52%
Town to the west of Glasgow, once the county town of its namesake 'shire' Renfrew
50%
Large North Yorkshire town with a strong industrial history Middlesbrough
46%
County town of Derbyshire Matlock
42%
Town near Port Talbot on a river of the same name Neath
40%
Large town in Greater Manchester Rochdale
40%
Town, and former cathedral city, in Moray Elgin
38%
Fife town around 3 miles from the northern shore of the Firth of Forth Dunfermline
35%
Cornish town with a history of copper and tin mining Redruth
32%
Historic minster town in Worcestershire on the Severn Valley Railway Kidderminster
31%
Market town in south Norfolk with a namesake forest Thetford
27%
County town of Pembrokeshire Haverfordwest
24%
Large West Sussex town on the edge of the Weald Horsham
17%
Hampshire market town, close to the New Forest Ringwood
17%
Market town to the north of Nottingham, with a coal mining history Hucknall
11%
No matching quizzes found
Score Distribution
Percent of People with Each Score
Percentile by Number Answered
Your Score History
You have not taken this quiz